header

Missing the meaning (Record no. 87027)

MARC details
000 -LEADER
fixed length control field 01549nam a2200361Ia 4500
082 04 - DEWEY DECIMAL CLASSIFICATION NUMBER
Classification number 371.33
245 00 - TITLE STATEMENT
Title Missing the meaning
250 ## - EDITION STATEMENT
Edition statement 1st ed.
260 ## - PUBLICATION, DISTRIBUTION, ETC. (IMPRINT)
Place of publication New York :
Name of publisher Palgrave Macmillan,
Year of publication 2004.
300 ## - PHYSICAL DESCRIPTION
Number of Pages xxii, 270 p. :
Other physical details ill.
650 #0 - SUBJECT ADDED ENTRY--TOPICAL TERM
Topical Term Teaching
Topical Term Science
Topical Term Science
Topical Term Science
700 1# - ADDED ENTRY--PERSONAL NAME
Personal name Peacock, Alan,
Personal name Cleghorn, Ailie,
856 40 - ELECTRONIC LOCATION AND ACCESS
Uniform Resource Identifier http://site.ebrary.com/lib/rucke/Doc?id=10135736

No items available.

© 2026 Rongo University
Contact us: librarian | system librarian | Rongo university